[Event "CYCC U16"]
[Site "Kapuskasing CAN"]
[Date "2004.07.09"]
[Round "7"]
[White "Brauer, Mark"]
[Black "Sadeghi Aval, Pouya"]
[Result "1-0"]
[WhiteElo "1429"]
[BlackElo "1527"]
[PlyCount "119"]
[GameId "2160767911096018"]
[EventDate "2004.07.06"]
[EventType "swiss"]
[EventRounds "7"]
[EventCountry "CAN"]

1. e4 e5 2. d4 exd4 3. c3 dxc3 4. Nxc3 Nc6 5. Nf3 d6 6. Bc4 h6 7. O-O Be7 8. Qb3 Na5 9. Bxf7+ Kf8 10. Qa4 Kxf7 11. Qxa5 Nf6 12. Rd1 c6 13. Qxd8 Rxd8 14. e5 Ng4 15. Bf4 dxe5 16. Bxe5 Nxe5 17. Nxe5+ Kg8 18. Ng6 Rxd1+ 19. Rxd1 Bf6 20. Ne4 Kf7 21. Nxf6 gxf6 22. Nf4 Bf5 23. h3 Re8 24. Rd4 Re4 25. Rxe4 Bxe4 26. f3 Bd5 27. Nxd5 cxd5 28. Kf2 d4 29. Ke2 Ke6 30. Kd3 Ke5 31. g3 h5 32. f4+ Kd5 33. g4 h4 34. g5 fxg5 35. fxg5 Ke5 36. g6 Kf6 37. g7 Kxg7 38. Kxd4 Kf6 39. Ke4 Kg5 40. Ke5 a6 41. a3 Kg6 42. Kf4 Kf6 43. Kg4 Ke5 44. Kxh4 Kf4 45. Kh5 Kf5 46. Kh6 Kf6 47. h4 Kf5 48. Kg7 Kg4 49. Kf6 Kxh4 50. Ke5 Kg5 51. Kd6 Kf6 52. Kc7 b5 53. Kb6 b4 54. axb4 Ke6 55. Kxa6 Kd7 56. Ka7 Kc6 57. Ka6 Kc7 58. b5 Kc8 59. b6 Kb8 60. b7 1-0

[Event "CYCC U16"]
[Site "Kapuskasing CAN"]
[Date "2004.07.09"]
[Round "7"]
[White "Ho, Martin"]
[Black "Wong, Wylon"]
[Result "1/2-1/2"]
[WhiteElo "1710"]
[BlackElo "1825"]
[PlyCount "55"]
[GameId "2160767911096019"]
[EventDate "2004.07.06"]
[EventType "swiss"]
[EventRounds "7"]
[EventCountry "CAN"]
[SourceTitle "EXT 2006"]
[Source "ChessBase"]
[SourceDate "2005.11.24"]
[SourceVersion "1"]
[SourceVersionDate "2005.11.24"]
[SourceQuality "1"]

1. e4 d6 2. d4 Nf6 3. Nc3 c6 4. Bd3 e5 5. Nf3 Bg4 6. dxe5 dxe5 7. h3 Bxf3 8. Qxf3 Nbd7 9. O-O Bb4 10. Bg5 h6 11. Bh4 O-O 12. Ne2 Qc7 13. c3 Bc5 14. Bxf6 Nxf6 15. Ng3 Rad8 16. Bc4 b5 17. Bb3 Rd2 18. Nf5 Kh7 19. Rad1 Rfd8 20. Qg3 g6 21. Qh4 Bxf2+ 22. Rxf2 Rxd1+ 23. Kh2 gxf5 24. Qxf6 f4 25. Bxd1 Rxd1 26. Qf5+ Kh8 27. Qf6+ Kh7 28. Qf5+ 1/2-1/2

[Event "CYCC U16"]
[Site "Kapuskasing CAN"]
[Date "2004.07.09"]
[Round "7"]
[White "Johnston, Marty"]
[Black "Pauric, Allen"]
[Result "0-1"]
[WhiteElo "1441"]
[BlackElo "1972"]
[PlyCount "132"]
[GameId "2160767911096020"]
[EventDate "2004.07.06"]
[EventType "swiss"]
[EventRounds "7"]
[EventCountry "CAN"]

1. e4 d5 2. exd5 Qxd5 3. Nc3 Qa5 4. d4 Nf6 5. Bd2 c6 6. Ne4 Qc7 7. Bd3 Nbd7 8. Ne2 Nxe4 9. Bxe4 Nf6 10. Bd3 Bg4 11. f3 Bh5 12. Bf4 Qd8 13. O-O e6 14. Bg5 Bd6 15. c3 Qc7 16. h3 O-O-O 17. Qd2 Rdg8 18. Bf4 Nd5 19. Bxd6 Qxd6 20. b4 g5 21. b5 c5 22. dxc5 Qxc5+ 23. Kh1 Bg6 24. Bxg6 Rxg6 25. Qd4 Qxd4 26. Nxd4 Kb8 27. Rfc1 e5 28. Nf5 Rf6 29. Ng3 h5 30. c4 Nf4 31. c5 g4 32. Ne4 Rg6 33. h4 gxf3 34. gxf3 Rhg8 35. Rg1 Ne2 36. Rxg6 Rxg6 37. Re1 Nd4 38. Nd6 Nxf3 39. Rf1 Rf6 40. Ne4 Rf4 41. Ng5 Rxh4+ 42. Nh3 Rxh3+ 43. Kg2 Ng5 44. Rf5 Rh4 45. Rxe5 Rg4+ 46. Kf2 Nh3+ 47. Kf3 Ng5+ 48. Kf2 f6 49. Re8+ Kc7 50. Re7+ Kc8 51. b6 axb6 52. cxb6 Rc4 53. Re8+ Kd7 54. Rb8 Kc6 55. Rc8+ Kb5 56. Rc7 Rf4+ 57. Kg3 Rf3+ 58. Kg2 Kxb6 59. Rc4 Ra3 60. Rb4+ Ka7 61. Rb2 h4 62. Rf2 Rg3+ 63. Kh1 Nf3 64. Rf1 h3 65. Rb1 h2 66. Rxb7+ Kxb7 0-1

[Event "CYCC U16"]
[Site "Kapuskasing CAN"]
[Date "2004.07.09"]
[Round "7"]
[White "Mollison, Shawn"]
[Black "Mollison, William"]
[Result "0-1"]
[WhiteElo "1019"]
[BlackElo "1247"]
[PlyCount "82"]
[GameId "2160767911096021"]
[EventDate "2004.07.06"]
[EventType "swiss"]
[EventRounds "7"]
[EventCountry "CAN"]

1. b3 e5 2. Bb2 Nc6 3. c4 Nf6 4. e3 d5 5. d3 dxc4 6. bxc4 Bc5 7. Be2 O-O 8. Nd2 Nb4 9. Bc3 Nxd3+ 10. Bxd3 Qxd3 11. Bxe5 Bd6 12. Bxf6 gxf6 13. Ngf3 Bg4 14. h3 Bxf3 15. Qxf3 Bb4 16. Qe2 Qxe2+ 17. Kxe2 Bxd2 18. Kxd2 Rad8+ 19. Ke2 f5 20. Rad1 Rb8 21. Rd5 b5 22. cxb5 c6 23. bxc6 Rb2+ 24. Kf3 Rb6 25. Rxf5 Rxc6 26. Rg5+ Rg6 27. Rxg6+ fxg6+ 28. Ke2 Rb8 29. a4 Rb4 30. Ra1 a5 31. Kf3 Kf7 32. e4 Kf6 33. Kf4 g5+ 34. Kf3 Ke5 35. Kg4 Rxe4+ 36. Kxg5 Rf4 37. Rf1 Rxa4 38. f4+ Ke6 39. f5+ Ke7 40. Kh6 Kf7 41. Kxh7 Rh4# 0-1

[Event "CYCC U16"]
[Site "Kapuskasing CAN"]
[Date "2004.07.09"]
[Round "7"]
[White "Ramaswamy, Kishor"]
[Black "Hawley, Robert"]
[Result "1-0"]
[WhiteElo "2020"]
[BlackElo "1690"]
[PlyCount "73"]
[GameId "2160767911096023"]
[EventDate "2004.07.06"]
[EventType "swiss"]
[EventRounds "7"]
[EventCountry "CAN"]
[SourceTitle "EXT 2006"]
[Source "ChessBase"]
[SourceDate "2005.11.24"]
[SourceVersion "1"]
[SourceVersionDate "2005.11.24"]
[SourceQuality "1"]

1. d4 d5 2. Nf3 Nf6 3. Bg5 e6 4. Nbd2 Be7 5. e3 O-O 6. Bd3 Nbd7 7. c3 h6 8. Bf4 Nh5 9. Bg3 Nxg3 10. hxg3 Re8 11. Ne5 Bf6 12. f4 Re7 13. g4 Qf8 14. Nxd7 Bxd7 15. g5 e5 16. gxf6 gxf6 17. dxe5 fxe5 18. f5 Qg7 19. Qh5 Qg3+ 20. Kd1 Qxe3 21. f6 Qf4 22. Qxh6 Bg4+ 23. Kc1 Qxh6 24. Rxh6 Re6 25. Bh7+ Kf8 26. Bf5 Rxf6 27. Rxf6 Kg7 28. Rxf7+ Kxf7 29. Bxg4 Rg8 30. Bh3 e4 31. Kc2 Ke7 32. Rf1 c5 33. c4 e3 34. Nb3 d4 35. Nxc5 b6 36. Nb3 Rd8 37. Kd3 1-0

[Event "CYCC U16"]
[Site "Kapuskasing CAN"]
[Date "2004.07.09"]
[Round "7"]
[White "Wang, David"]
[Black "Rodriguez, Aaron"]
[Result "1-0"]
[WhiteElo "2140"]
[BlackElo "1730"]
[PlyCount "77"]
[GameId "2160767911096024"]
[EventDate "2004.07.06"]
[EventType "swiss"]
[EventRounds "7"]
[EventCountry "CAN"]
[SourceTitle "EXT 2006"]
[Source "ChessBase"]
[SourceDate "2005.11.24"]
[SourceVersion "1"]
[SourceVersionDate "2005.11.24"]
[SourceQuality "1"]

1. e4 g6 2. d4 Bg7 3. Nc3 d6 4. Bc4 Nf6 5. Qe2 e5 6. dxe5 dxe5 7. Nf3 Nbd7 8. O-O O-O 9. Rd1 Qe7 10. Bg5 c6 11. Rd2 h6 12. Bh4 g5 13. Bg3 b5 14. Bb3 a5 15. a4 b4 16. Nd1 g4 17. Nh4 Nc5 18. Ng6 Qe8 19. Nxf8 Nfxe4 20. Ne3 Nxb3 21. cxb3 Nxd2 22. Qxd2 Bxf8 23. Nc4 f6 24. Nb6 Rb8 25. Nxc8 Rxc8 26. Rd1 Kf7 27. Qd3 h5 28. Qf5 Ke7 29. Bh4 Bg7 30. Qxe5+ Kf8 31. Qxa5 c5 32. Qb6 Rc6 33. Qb5 Rc8 34. Qd3 Rc6 35. Bg3 Kg8 36. Qd5+ Re6 37. Re1 Kf7 38. Qxh5+ Kf8 39. Bd6+ 1-0

[Event "CYCC U16 w"]
[Site "Kapuskasing CAN"]
[Date "2004.07.06"]
[Round "1"]
[White "Dinca, Cornelia"]
[Black "Larocque, Angele"]
[Result "1-0"]
[WhiteElo "1811"]
[BlackElo "897"]
[PlyCount "55"]
[GameId "2160767911096025"]
[EventDate "2004.07.06"]
[EventType "tourn"]
[EventRounds "5"]
[EventCountry "CAN"]
[SourceTitle "EXT 2006"]
[Source "ChessBase"]
[SourceDate "2005.11.24"]
[SourceVersion "1"]
[SourceVersionDate "2005.11.24"]
[SourceQuality "1"]

1. e4 e5 2. Nf3 Nc6 3. Bb5 a6 4. Ba4 Nf6 5. O-O g6 6. Re1 d5 7. exd5 Qxd5 8. Rxe5+ Be6 9. Rxd5 Bxd5 10. Nc3 Be6 11. d4 Bd5 12. Bg5 Nd7 13. Nxd5 f6 14. Nxf6+ Nxf6 15. Bxf6 Rg8 16. d5 Kf7 17. Bc3 Be7 18. dxc6 bxc6 19. Ne5+ Kg7 20. Ng4+ Kf8 21. Qf3+ Ke8 22. Bxc6+ Kd8 23. Rd1+ Bd6 24. Qf6+ Kc8 25. Qe6+ Kb8 26. Qxg8+ Ka7 27. Bd4+ Bc5 28. Bxc5# 1-0

[Event "CYCC U16 w"]
[Site "Kapuskasing CAN"]
[Date "2004.07.06"]
[Round "1"]
[White "Stager, Naomi"]
[Black "Ho, Patricia"]
[Result "0-1"]
[WhiteElo "1223"]
[BlackElo "1569"]
[PlyCount "78"]
[GameId "2160767911096026"]
[EventDate "2004.07.06"]
[EventType "tourn"]
[EventRounds "5"]
[EventCountry "CAN"]
[SourceTitle "EXT 2006"]
[Source "ChessBase"]
[SourceDate "2005.11.24"]
[SourceVersion "1"]
[SourceVersionDate "2005.11.24"]
[SourceQuality "1"]

1. e4 e5 2. Bc4 Nf6 3. d3 Bc5 4. Nf3 Nc6 5. O-O O-O 6. h3 d5 7. exd5 Nxd5 8. Bg5 Be7 9. h4 Nf4 10. g3 Nh3+ 11. Kg2 Nxg5 12. Nxg5 Bxg5 13. hxg5 Qxg5 14. Nd2 Bg4 15. f3 Bd7 16. Ne4 Qe7 17. f4 Be6 18. Qh5 Bxc4 19. Rh1 h6 20. dxc4 exf4 21. gxf4 Qxe4+ 22. Qf3 Qxf3+ 23. Kxf3 Rfe8 24. Rag1 Kh7 25. Rg2 Nd4+ 26. Kg3 Re2 27. Rhg1 Rxc2 28. Kh3 Rxg2 29. Rxg2 Re8 30. Kh4 g5+ 31. Kh5 gxf4 32. Rg6 fxg6+ 33. Kg4 f3 34. Kg3 g5 35. b4 Re2 36. Kg4 f2 37. Kg3 f1=Q 38. a4 Rg2+ 39. Kh3 Qh1# 0-1

[Event "CYCC U16 w"]
[Site "Kapuskasing CAN"]
[Date "2004.07.06"]
[Round "2"]
[White "Dinca, Cornelia"]
[Black "Stager, Naomi"]
[Result "1-0"]
[WhiteElo "1811"]
[BlackElo "1223"]
[PlyCount "57"]
[GameId "2160767911096027"]
[EventDate "2004.07.06"]
[EventType "tourn"]
[EventRounds "5"]
[EventCountry "CAN"]
[SourceTitle "EXT 2006"]
[Source "ChessBase"]
[SourceDate "2005.11.24"]
[SourceVersion "1"]
[SourceVersionDate "2005.11.24"]
[SourceQuality "1"]

1. e4 e5 2. Nf3 Bc5 3. Nc3 Nc6 4. Bb5 Nge7 5. O-O O-O 6. a3 d6 7. b4 Bb6 8. h3 Nd4 9. Nxd4 exd4 10. Ne2 c6 11. Bd3 d5 12. e5 Bc7 13. f4 Ng6 14. Nxd4 h6 15. Bb2 Nh4 16. Nf3 Ng6 17. Nd4 Qe8 18. Qh5 Bd8 19. Rae1 Bh4 20. Re2 b6 21. e6 Bg3 22. exf7+ Qxf7 23. Bxg6 Qe7 24. Rxe7 Ba6 25. Qxh6 gxh6 26. Bh7+ Kh8 27. Nf5+ d4 28. Bxd4+ Rf6 29. Bxf6# 1-0

[Event "CYCC U16 w"]
[Site "Kapuskasing CAN"]
[Date "2004.07.06"]
[Round "2"]
[White "Larocque, Angele"]
[Black "Mignault, Dominik"]
[Result "0-1"]
[WhiteElo "897"]
[BlackElo "1339"]
[PlyCount "110"]
[GameId "2160767911096028"]
[EventDate "2004.07.06"]
[EventType "tourn"]
[EventRounds "5"]
[EventCountry "CAN"]

1. e4 e5 2. Nf3 Nc6 3. Bc4 Bc5 4. Nc3 Nf6 5. d3 Bb4 6. a3 Bxc3+ 7. bxc3 a6 8. a4 d5 9. Bb3 dxe4 10. dxe4 Qxd1+ 11. Kxd1 Bg4 12. h3 Nxe4 13. Ke1 Bxf3 14. gxf3 Nd6 15. f4 e4 16. Ba3 Rf8 17. c4 O-O-O 18. Ba2 f6 19. Rd1 Rfe8 20. Ke2 Nf5 21. Rxd8+ Rxd8 22. c3 Kb8 23. Rb1 Rd3 24. Bc1 Rxc3 25. Bd2 Rxh3 26. c5 Nfd4+ 27. Kd1 Ra3 28. Bc4 Ka7 29. Ke1 Rxa4 30. Bd5 f5 31. Kf1 Ra3 32. Bc1 Ra5 33. Bd2 Rxc5 34. Ba2 Rc2 35. Bd5 Rxd2 36. Kg1 Ne2+ 37. Kg2 Rxd5 38. f3 Nxf4+ 39. Kf2 Re5 40. Rd1 e3+ 41. Kg1 e2 42. Re1 Nd3 43. f4 Nxf4 44. Kh1 Nd3 45. Rxe2 Rxe2 46. Kg1 f4 47. Kf1 Rd2 48. Kg1 f3 49. Kf1 Nd4 50. Kg1 Nc2 51. Kf1 Ne3+ 52. Kg1 f2+ 53. Kh2 f1=Q+ 54. Kg3 Rg2+ 55. Kh4 Qh1# 0-1

[Event "CYCC U16 w"]
[Site "Kapuskasing CAN"]
[Date "2004.07.07"]
[Round "3"]
[White "Mignault, Dominik"]
[Black "Ho, Patricia"]
[Result "1/2-1/2"]
[WhiteElo "1339"]
[BlackElo "1569"]
[PlyCount "77"]
[GameId "2160767911096030"]
[EventDate "2004.07.06"]
[EventType "tourn"]
[EventRounds "5"]
[EventCountry "CAN"]

1. d4 Nf6 2. c4 e6 3. Nc3 Bb4 4. Bd2 c5 5. e3 d5 6. Nf3 Nc6 7. a3 cxd4 8. exd4 Bxc3 9. Bxc3 Ne4 10. Qc2 O-O 11. Bd3 f5 12. O-O b6 13. cxd5 Qxd5 14. Rfe1 Nxc3 15. Qxc3 Nxd4 16. Nxd4 Bb7 17. f3 Rac8 18. Qb4 a5 19. Qxb6 Rfd8 20. Nxe6 Rd6 21. Qe3 Qxd3 22. Qxd3 Rxd3 23. Re5 Rd5 24. Rae1 a4 25. Rxd5 Bxd5 26. Re5 Rc1+ 27. Kf2 Rc2+ 28. Kg3 Bb3 29. Nd4 Rxb2 30. Rb5 g6 31. h4 Kg7 32. Rb4 Rb1 33. Kf4 Kh6 34. Rb7 Bc2 35. Rxb1 Bxb1 36. g4 fxg4 37. fxg4 Kg7 38. g5 Ba2 39. Kg4 1/2-1/2

[Event "CYCC U16 w"]
[Site "Kapuskasing CAN"]
[Date "2004.07.07"]
[Round "3"]
[White "Stager, Naomi"]
[Black "Larocque, Angele"]
[Result "0-1"]
[WhiteElo "1223"]
[BlackElo "897"]
[PlyCount "46"]
[GameId "2160767911096032"]
[EventDate "2004.07.06"]
[EventType "tourn"]
[EventRounds "5"]
[EventCountry "CAN"]
[SourceTitle "EXT 2006"]
[Source "ChessBase"]
[SourceDate "2005.11.24"]
[SourceVersion "1"]
[SourceVersionDate "2005.11.24"]
[SourceQuality "1"]

1. e4 e5 2. Bc4 Nf6 3. d3 Nc6 4. Ne2 Bc5 5. O-O d6 6. h3 O-O 7. Nd2 h6 8. Nf3 d5 9. exd5 Ne7 10. Nxe5 Bd6 11. d4 c6 12. Qd3 cxd5 13. Bxd5 Nfxd5 14. Qg3 Nf5 15. Qg4 f6 16. Ng3 fxe5 17. Nxf5 Bxf5 18. Qg3 exd4 19. Qf3 Be6 20. Qe4 Qf6 21. Re1 Qxf2+ 22. Kh1 Qg3 23. c3 Qh2# 0-1

[Event "CYCC U16 w"]
[Site "Kapuskasing CAN"]
[Date "2004.07.07"]
[Round "4"]
[White "Dinca, Cornelia"]
[Black "Mignault, Dominik"]
[Result "1-0"]
[WhiteElo "1811"]
[BlackElo "1339"]
[PlyCount "55"]
[GameId "2160767911096033"]
[EventDate "2004.07.06"]
[EventType "tourn"]
[EventRounds "5"]
[EventCountry "CAN"]

1. e4 e5 2. Nf3 Nc6 3. Bb5 a6 4. Ba4 Nf6 5. O-O Be7 6. Re1 d6 7. h3 b5 8. Bb3 O-O 9. c3 Bb7 10. d4 exd4 11. cxd4 Re8 12. Nc3 Bf8 13. Bg5 h6 14. Bh4 Be7 15. a3 Qd7 16. e5 dxe5 17. dxe5 Qxd1 18. Raxd1 Nh7 19. Rd7 Na5 20. Bxe7 Nxb3 21. Rxc7 Bxf3 22. gxf3 Nd4 23. Kg2 Nf5 24. Bd6 Nxd6 25. exd6 Rxe1 26. d7 Nf6 27. Rc8+ Rxc8 28. dxc8=Q+ 1-0

[Event "CYCC U16 w"]
[Site "Kapuskasing CAN"]
[Date "2004.07.07"]
[Round "4"]
[White "Larocque, Angele"]
[Black "Ho, Patricia"]
[Result "0-1"]
[WhiteElo "897"]
[BlackElo "1569"]
[PlyCount "96"]
[GameId "2160767911096035"]
[EventDate "2004.07.06"]
[EventType "tourn"]
[EventRounds "5"]
[EventCountry "CAN"]
[SourceTitle "EXT 2006"]
[Source "ChessBase"]
[SourceDate "2005.11.24"]
[SourceVersion "1"]
[SourceVersionDate "2005.11.24"]
[SourceQuality "1"]

1. e4 e5 2. Nf3 Nc6 3. Bc4 Be7 4. d3 Nf6 5. Nc3 O-O 6. h3 d6 7. Bb3 Be6 8. Bd5 Bd7 9. Be3 Na5 10. d4 Nxd5 11. exd5 Nc4 12. Bc1 Bf6 13. b3 exd4 14. Nxd4 Re8+ 15. Kf1 Ne5 16. Nce2 Ng6 17. c3 Be5 18. g3 Ne7 19. c4 Nf5 20. Bb2 Qf6 21. Rc1 Ne3+ 22. Kg1 Nxd1 23. Rxd1 Bxd4 24. Bxd4 Qf3 25. Re1 Rxe2 26. Rxe2 Qxe2 27. a3 Qd1+ 28. Kg2 Qxd4 29. a4 Re8 30. a5 Re2 31. Rf1 Qe4+ 32. Kg1 Re1 33. Rxe1 Qxe1+ 34. Kg2 Qxa5 35. g4 Qb4 36. c5 Qxb3 37. cxd6 Qxd5+ 38. Kf1 Qxd6 39. Kg1 c5 40. Kg2 c4 41. g5 c3 42. h4 c2 43. h5 c1=Q 44. g6 Bc6+ 45. Kh3 Qh1+ 46. Kg4 Qg2+ 47. Kf5 fxg6+ 48. hxg6 hxg6# 0-1

[Event "CYCC U16 w"]
[Site "Kapuskasing CAN"]
[Date "2004.07.08"]
[Round "5"]
[White "Ho, Patricia"]
[Black "Dinca, Cornelia"]
[Result "1/2-1/2"]
[WhiteElo "1569"]
[BlackElo "1811"]
[PlyCount "40"]
[GameId "2160767911096036"]
[EventDate "2004.07.06"]
[EventType "tourn"]
[EventRounds "5"]
[EventCountry "CAN"]
[SourceTitle "EXT 2006"]
[Source "ChessBase"]
[SourceDate "2005.11.24"]
[SourceVersion "1"]
[SourceVersionDate "2005.11.24"]
[SourceQuality "1"]

1. e4 c5 2. Nf3 Nc6 3. d4 cxd4 4. Nxd4 Nf6 5. Nc3 d6 6. f3 g6 7. Be3 Bg7 8. Qd2 O-O 9. O-O-O Ne5 10. Bh6 Bd7 11. Bxg7 Kxg7 12. g4 Nc6 13. h4 Qb6 14. Nb3 a5 15. Bb5 Ne5 16. Bxd7 Nexd7 17. g5 Nh5 18. Nd5 Qd8 19. Nf4 Nxf4 20. Qxf4 a4 1/2-1/2

[Event "CYCC U16 w"]
[Site "Kapuskasing CAN"]
[Date "2004.07.08"]
[Round "5"]
[White "Mignault, Dominik"]
[Black "Stager, Naomi"]
[Result "1-0"]
[WhiteElo "1339"]
[BlackElo "1223"]
[PlyCount "101"]
[GameId "2160767911096037"]
[EventDate "2004.07.06"]
[EventType "tourn"]
[EventRounds "5"]
[EventCountry "CAN"]

1. d4 d5 2. c4 c6 3. e3 Nf6 4. Nc3 e6 5. Nf3 Bd6 6. cxd5 cxd5 7. g3 O-O 8. Bg2 h6 9. O-O Nbd7 10. Re1 b6 11. Bd2 Ba6 12. Rc1 Rc8 13. Qa4 Bc4 14. Nb5 Ne4 15. Nxd6 Nxd6 16. Bb4 Qc7 17. b3 Qb8 18. bxc4 dxc4 19. Bxd6 Qxd6 20. Rxc4 Rxc4 21. Qxc4 Nf6 22. e4 Ng4 23. h3 Nf6 24. e5 Qd8 25. exf6 Qxf6 26. d5 Re8 27. d6 a6 28. d7 Rd8 29. Ne5 b5 30. Qc7 Qe7 31. Nc6 Qxd7 32. Qxd8+ Qxd8 33. Nxd8 g6 34. Nc6 a5 35. Nxa5 b4 36. Nc6 h5 37. Nxb4 g5 38. Re5 Kg7 39. a4 Kg6 40. a5 g4 41. h4 Kf6 42. Rxh5 Ke7 43. a6 f5 44. a7 Kf6 45. a8=Q Ke5 46. Nd3+ Kd4 47. Nf4 Ke5 48. Qb8+ Kf6 49. Qd6 Kg7 50. Rg5+ Kf6 51. Qxe6# 1-0

[Event "CYCC U18"]
[Site "Kapuskasing CAN"]
[Date "2004.07.06"]
[Round "1"]
[White "Morrison, Alex"]
[Black "Barber, Glen"]
[Result "0-1"]
[WhiteElo "1366"]
[BlackElo "2021"]
[PlyCount "80"]
[GameId "2160767911096040"]
[EventDate "2004.07.06"]
[EventType "tourn"]
[EventRounds "6"]
[EventCountry "CAN"]
[SourceTitle "EXT 2006"]
[Source "ChessBase"]
[SourceDate "2005.11.24"]
[SourceVersion "1"]
[SourceVersionDate "2005.11.24"]
[SourceQuality "1"]

1. e4 c5 2. Bc4 e6 3. Nf3 Nc6 4. c3 d5 5. Bb5 dxe4 6. Bxc6+ bxc6 7. Ne5 Bd6 8. Nxc6 Qc7 9. Qa4 Bd7 10. Na3 Qxc6 11. Qxc6 Bxc6 12. Nc4 Bc7 13. O-O Nf6 14. Ne3 Nd5 15. c4 Nf4 16. Re1 Nd3 17. Rf1 Rb8 18. b3 f5 19. Nd1 O-O 20. Nb2 Nxc1 21. Raxc1 Be5 22. Nd1 Rfd8 23. Rc2 a5 24. Ne3 a4 25. Rb1 axb3 26. axb3 Rd3 27. b4 cxb4 28. c5 b3 29. Rcc1 b2 30. Rc2 Ba4 31. Rc4 Bb3 32. g3 Ba2 33. c6 Bxb1 34. c7 Rc8 35. Rb4 Ba2 36. Rb8 Rxb8 37. cxb8=Q+ Bxb8 38. Kg2 b1=Q 39. Nf1 Bd5 40. Kg1 Rxd2 0-1

[Event "CYCC U18"]
[Site "Kapuskasing CAN"]
[Date "2004.07.06"]
[Round "1"]
[White "Thorvardson, Craig"]
[Black "Henry, Liam"]
[Result "0-1"]
[WhiteElo "1875"]
[BlackElo "2151"]
[PlyCount "148"]
[GameId "2160767911096041"]
[EventDate "2004.07.06"]
[EventType "tourn"]
[EventRounds "6"]
[EventCountry "CAN"]

1. e4 c5 2. c3 Nf6 3. e5 Nd5 4. Nf3 e6 5. c4 Nb6 6. b3 Nc6 7. Bb2 Be7 8. g3 O-O 9. Bg2 d5 10. exd6 Qxd6 11. Nc3 Qd3 12. Qe2 Nb4 13. O-O Bf6 14. Ne5 Qc2 15. Rab1 Qf5 16. f4 Bxe5 17. fxe5 Qd3 18. Rf2 Qxe2 19. Rxe2 Nd7 20. a3 Nd3 21. Nb5 Nxb2 22. Rxb2 a6 23. Nd6 Rb8 24. b4 b6 25. Bc6 Rd8 26. Nxc8 Rbxc8 27. Bb7 Rc7 28. Bxa6 Ra7 29. Bb5 g6 30. a4 cxb4 31. Bxd7 Rdxd7 32. Rxb4 Rd4 33. Kf2 Rc7 34. Rxb6 Rdxc4 35. Ra6 Rc2 36. d4 Rxe2+ 37. Kxe2 Rc2+ 38. Kf3 Rxh2 39. a5 Rd2 40. Rd6 Rd3+ 41. Kf4 Kg7 42. a6 Ra3 43. g4 h6 44. Ke4 h5 45. gxh5 gxh5 46. d5 exd5+ 47. Kxd5 h4 48. Kc5 h3 49. Kb6 h2 50. Rd1 Kg6 51. Rb1 Rb3+ 52. Rxb3 h1=Q 53. a7 Qg1+ 54. Kb7 Qh1+ 55. Kc7 Qa8 56. Rb7 Kf5 57. Kb6 Qd8+ 58. Rc7 Kxe5 59. Kb7 Qd5+ 60. Rc6 Qb5+ 61. Kc7 Qa5+ 62. Kb7 Kd5 63. Ra6 Qb5+ 64. Rb6 Qd7+ 65. Kb8 Kc5 66. Rh6 Qd8+ 67. Kb7 Qd5+ 68. Kb8 Qe5+ 69. Kc8 Qf5+ 70. Kb7 Qe4+ 71. Kc7 Qf4+ 72. Kd7 Qxh6 73. a8=Q Qe6+ 74. Kd8 Qd5+ 0-1

[Event "CYCC U18"]
[Site "Kapuskasing CAN"]
[Date "2004.07.06"]
[Round "2"]
[White "Henry, Liam"]
[Black "Leblanc, Ron"]
[Result "1/2-1/2"]
[WhiteElo "2151"]
[BlackElo "1849"]
[PlyCount "35"]
[GameId "2160767911096042"]
[EventDate "2004.07.06"]
[EventType "tourn"]
[EventRounds "6"]
[EventCountry "CAN"]

1. e4 d5 2. exd5 Qxd5 3. Nc3 Qd6 4. d4 Nf6 5. Nf3 Bg4 6. h3 Bh5 7. g4 Bg6 8. Ne5 a6 9. Bg2 c6 10. h4 h6 11. Nxg6 fxg6 12. Be3 e5 13. Qe2 Nbd7 14. O-O-O O-O-O 15. dxe5 Qxe5 16. Bxc6 bxc6 17. Qxa6+ Kc7 18. Qa7+ 1/2-1/2

[Event "CYCC U18"]
[Site "Kapuskasing CAN"]
[Date "2004.07.06"]
[Round "2"]
[White "Juma, Sadiq"]
[Black "Thorvardson, Craig"]
[Result "1-0"]
[WhiteElo "1746"]
[BlackElo "1875"]
[PlyCount "61"]
[GameId "2160767911096043"]
[EventDate "2004.07.06"]
[EventType "tourn"]
[EventRounds "6"]
[EventCountry "CAN"]
[SourceTitle "EXT 2006"]
[Source "ChessBase"]
[SourceDate "2005.11.24"]
[SourceVersion "1"]
[SourceVersionDate "2005.11.24"]
[SourceQuality "1"]

1. e4 c5 2. Nf3 Nc6 3. d4 cxd4 4. Nxd4 g6 5. c4 Bg7 6. Be3 d6 7. Nc3 Nf6 8. f3 h5 9. Be2 Bd7 10. Qd2 Qc8 11. b3 Nd8 12. Rc1 b6 13. O-O Nb7 14. Nd5 a5 15. Nxb6 Qd8 16. Nxa8 Qxa8 17. Nb5 Bxb5 18. cxb5 h4 19. Rc7 O-O 20. Rxe7 h3 21. Bh6 hxg2 22. Rc1 Qb8 23. Rcc7 Nd8 24. Bxg7 Kxg7 25. Qxd6 Nh5 26. f4 Nf6 27. f5 g5 28. Qg3 Nh7 29. Bc4 Qb6+ 30. Kxg2 Qd4 31. Qe5+ 1-0

[Event "CYCC U18"]
[Site "Kapuskasing CAN"]
[Date "2004.07.06"]
[Round "2"]
[White "McDonald, Jamal"]
[Black "Morrison, Alex"]
[Result "0-1"]
[WhiteElo "1100"]
[BlackElo "1366"]
[PlyCount "86"]
[GameId "2160767911096044"]
[EventDate "2004.07.06"]
[EventType "tourn"]
[EventRounds "6"]
[EventCountry "CAN"]
[SourceTitle "EXT 2006"]
[Source "ChessBase"]
[SourceDate "2005.11.24"]
[SourceVersion "1"]
[SourceVersionDate "2005.11.24"]
[SourceQuality "1"]

1. Nf3 e6 2. Nc3 Bc5 3. d4 Bb4 4. e4 Nf6 5. a3 Bxc3+ 6. bxc3 Nxe4 7. Bb2 d5 8. Ne5 f6 9. Bb5+ c6 10. Qh5+ g6 11. Nxg6 hxg6 12. Qxh8+ Ke7 13. Qg7+ Ke8 14. Qxg6+ Kd7 15. Bd3 f5 16. g3 b6 17. h4 Qf6 18. Qh7+ Qe7 19. Qg6 Ba6 20. Bc1 Bxd3 21. cxd3 Nxc3 22. Bg5 Qe8 23. Qg7+ Kc8 24. Bf4 Nd7 25. O-O Ne2+ 26. Kg2 Nxf4+ 27. gxf4 Qh5 28. Rh1 Kc7 29. Rae1 Kd6 30. Kh3 Qf3+ 31. Kh2 Qxf4+ 32. Kg1 Rf8 33. Qg6 Rf6 34. Qg8 Qh6 35. h5 Qd2 36. Kg2 Qh6 37. Kf1 f4 38. Qa8 f3 39. Rh2 Rg6 40. Rh4 Rg2 41. Rh3 Qf4 42. h6 Qf5 43. h7 Qxd3+ 0-1

[Event "CYCC U18"]
[Site "Kapuskasing CAN"]
[Date "2004.07.07"]
[Round "3"]
[White "Barber, Glen"]
[Black "McDonald, Jamal"]
[Result "1-0"]
[WhiteElo "2021"]
[BlackElo "1100"]
[PlyCount "39"]
[GameId "2160767911096045"]
[EventDate "2004.07.06"]
[EventType "tourn"]
[EventRounds "6"]
[EventCountry "CAN"]
[SourceTitle "EXT 2006"]
[Source "ChessBase"]
[SourceDate "2005.11.24"]
[SourceVersion "1"]
[SourceVersionDate "2005.11.24"]
[SourceQuality "1"]

1. d4 Nf6 2. c4 d6 3. Nc3 g6 4. e4 c6 5. Nf3 b6 6. Be2 Ba6 7. O-O Nbd7 8. Re1 Qc7 9. h3 c5 10. Nd5 Qc6 11. Nxf6+ exf6 12. e5 dxe5 13. dxe5 fxe5 14. Nxe5 Nxe5 15. Bf3 Qe6 16. Bxa8 Nxc4 17. Rxe6+ Be7 18. Bc6+ Kf8 19. Bh6+ Kg8 20. Qd8+ 1-0

[Event "CYCC U18"]
[Site "Kapuskasing CAN"]
[Date "2004.07.07"]
[Round "3"]
[White "Leblanc, Ron"]
[Black "Juma, Sadiq"]
[Result "0-1"]
[WhiteElo "1849"]
[BlackElo "1746"]
[PlyCount "34"]
[GameId "2160767911096046"]
[EventDate "2004.07.06"]
[EventType "tourn"]
[EventRounds "6"]
[EventCountry "CAN"]
[SourceTitle "EXT 2006"]
[Source "ChessBase"]
[SourceDate "2005.11.24"]
[SourceVersion "1"]
[SourceVersionDate "2005.11.24"]
[SourceQuality "1"]

1. e4 c5 2. Nf3 d6 3. Bb5+ Bd7 4. Bxd7+ Qxd7 5. c4 Nc6 6. d4 cxd4 7. Nxd4 g6 8. O-O Bg7 9. Be3 Nf6 10. Nc3 O-O 11. f3 Rfc8 12. b3 Qd8 13. Qd2 a6 14. Rac1 Qa5 15. Nce2 Qxd2 16. Bxd2 Nxd4 17. Rfe1 Nxe2+ 0-1